[Event "Casabermeja op"]
[Site "Casabermeja"]
[Date "2021.09.12"]
[Round "7"]
[White "Jurado Vazquez, Javier"]
[Black "Gomez Aguirre, Juan Alberto"]
[Result "1-0"]
[WhiteElo "2107"]
[BlackElo "1988"]
[PlyCount "167"]
[EventDate "2021.09.09"]
[EventType "swiss"]
[EventRounds "7"]
[EventCountry "ESP"]
[SourceTitle "CBM 204 Extra"]
[Source "ChessBase"]
[SourceDate "2021.11.30"]
[SourceVersion "1"]
[SourceVersionDate "2021.11.30"]
[SourceQuality "1"]

1. e4 e5 2. Nf3 Nc6 3. Bc4 Nf6 4. d3 Bc5 5. c3 d6 6. a4 a6 7. Be3 Ba7 8. Bxa7 Rxa7 9. Nbd2 0-0 10. 0-0 Ne7 11. Re1 Ng6 12. Nf1 Ra8 13. Ng3 c6 14. Bb3 Qc7 15. Nf5 d5 16. Bc2 Be6 17. Qd2 dxe4 18. dxe4 h6 19. h3 Kh7 20. Kh2 Qb6 21. a5 Qc7 22. Qd6 Ne8 23. Qc5 Nf6 24. Qd6 Ne8 25. Qxc7 Nxc7 26. Nd6 Rab8 27. Red1 c5 28. Ne1 Rfd8 29. Nf5 c4 30. Rxd8 Rxd8 31. Ne3 Ne7 32. Nf3 Nc6 33. Ra4 Nb5 34. Kg1 Nd6 35. Nd5 Kg8 36. Nb6 f6 37. Kf1 Bd7 38. Nxd7 Rxd7 39. Nd2 Kf8 40. Ke2 Ke7 41. Bb1 Rc7 42. Ba2 Nb8 43. Bxc4 Nd7 44. Bd5 Rc5 45. c4 Nb8 46. b4 Rc7 47. Kd3 Nc6 48. Nb3 g6 49. Bxc6 Rxc6 50. Nc5 f5 51. f3 fxe4+ 52. fxe4 Rc8 53. Ra2 Rf8 54. Ke2 Nxc4 55. Nxb7 Rb8 56. Rc2 Rxb7 57. Rxc4 Kd6 58. Kd3 Rb8 59. Kc3 Rf8 60. Rc5 Rf1 61. Rd5+ Ke6 62. b5 axb5 63. Rxb5 Ra1 64. Rb6+ Kd7 65. a6 g5 66. Rxh6 Ra2 67. a7 Kc7 68. g4 Kb7 69. Rh7+ Ka8 70. Kc4 Ra4+ 71. Kd5 Rd4+ 72. Kxe5 Rxe4+ 73. Kf5 Re5+ 74. Kg6 Rb5 75. Rh8+ Kxa7 76. Rh5 Rb3 77. Kxg5 Kb6 78. Kh6 Kc6 79. g5 Kd7 80. g6 Ke7 81. Kh7 Rb7 82. g7 Kf6 83. Rh6+ Kg5 84. h4+ 1-0

[Event "Casabermeja op"]
[Site "Casabermeja"]
[Date "2021.09.10"]
[Round "3"]
[White "Jurado Vazquez, Javier"]
[Black "Garcia Fernandez, Victor"]
[Result "0-1"]
[WhiteElo "2107"]
[BlackElo "1874"]
[PlyCount "124"]
[EventDate "2021.09.09"]
[EventType "swiss"]
[EventRounds "7"]
[EventCountry "ESP"]
[SourceTitle "CBM 204 Extra"]
[Source "ChessBase"]
[SourceDate "2021.11.30"]
[SourceVersion "1"]
[SourceVersionDate "2021.11.30"]
[SourceQuality "1"]

1. e4 c5 2. Nf3 Nc6 3. Bb5 g6 4. 0-0 Bg7 5. c3 Nf6 6. Re1 0-0 7. d4 cxd4 8. cxd4 d5 9. e5 Ne4 10. Nc3 Bf5 11. Bd3 Nxc3 12. bxc3 Qd7 13. Bxf5 Qxf5 14. Qb3 Qd7 15. e6 fxe6 16. Ba3 Rf5 17. Re2 Na5 18. Qb4 Nc4 19. Qxe7 Qxe7 20. Bxe7 Re8 21. Bh4 e5 22. dxe5 Nxe5 23. Nd4 Rf4 24. Bg3 Re4 25. Rxe4 dxe4 26. Rb1 b6 27. Nb5 Nc6 28. Kf1 Rd8 29. Ke2 Rd3 30. Rd1 Bxc3 31. Rxd3 exd3+ 32. Kxd3 Bf6 33. Kc4 Kf7 34. Nd6+ Ke6 35. Kb5 Kd7 36. a4 Bd4 37. Ka6 Bxf2 38. Nb5 Bxg3 39. hxg3 Kc8 40. Nd6+ Kb8 41. Ne8 Nb4+ 42. Kb5 Nd5 43. g4 Nc7+ 44. Nxc7 Kxc7 45. Ka6 Kb8 46. g5 Ka8 47. Kb5 Kb7 48. Kc4 Kc6 49. Kd4 a6 50. Ke5 b5 51. axb5+ axb5 52. Kf6 b4 53. Kg7 b3 54. Kxh7 b2 55. Kxg6 b1Q+ 56. Kg7 Qb7+ 57. Kh8 Qc8+ 58. Kh7 Qd7+ 59. Kh6 Qe6+ 60. Kh7 Qf7+ 61. Kh6 Kd6 62. g4 Ke5 0-1

[Event "Casabermeja op"]
[Site "Casabermeja"]
[Date "2021.09.09"]
[Round "1"]
[White "Jurado Vazquez, Javier"]
[Black "Guardia Bencomo, Tomas"]
[Result "1-0"]
[WhiteElo "2107"]
[BlackElo "1587"]
[PlyCount "49"]
[EventDate "2021.09.09"]
[EventType "swiss"]
[EventRounds "7"]
[EventCountry "ESP"]
[SourceTitle "CBM 204 Extra"]
[Source "ChessBase"]
[SourceDate "2021.11.30"]
[SourceVersion "1"]
[SourceVersionDate "2021.11.30"]
[SourceQuality "1"]

1. e4 d6 2. d4 Nf6 3. Nc3 Nbd7 4. Nf3 e5 5. Bc4 Be7 6. dxe5 dxe5 7. Ng5 0-0 8. Bxf7+ Rxf7 9. Ne6 Qe8 10. Nxc7 Qd8 11. Nxa8 b6 12. Be3 Bb7 13. Nxb6 axb6 14. f3 Ba6 15. Qd2 Qa8 16. 0-0-0 Rf8 17. Nd5 Bd8 18. Qb4 Be2 19. Qb3 Nc5 20. Nxf6+ Kh8 21. Bxc5 Bxf6 22. Bxf8 Bg5+ 23. Kb1 Bxd1 24. Qf7 Bxc2+ 25. Kxc2 1-0

[Event "Malaga Region-ch"]
[Site "Malaga"]
[Date "2013.01.13"]
[Round "2"]
[White "Jurado Vazquez, Javier"]
[Black "Ramos Moreno, Francisco Jose"]
[Result "1-0"]
[WhiteElo "1965"]
[BlackElo "2109"]
[PlyCount "77"]
[EventDate "2013.01.12"]
[EventType "swiss"]
[EventRounds "9"]
[EventCountry "ESP"]
[SourceTitle "CBM 152 Extra"]
[Source "ChessBase"]
[SourceDate "2013.02.25"]
[SourceVersion "1"]
[SourceVersionDate "2013.02.25"]
[SourceQuality "1"]

1. e4 d5 2. exd5 Qxd5 3. Nc3 Qa5 4. Bc4 Nf6 5. d3 c6 6. Bd2 Qc7 7. Qe2 b5 8. Bb3 Nbd7 9. d4 a6 10. a4 Bb7 11. Nf3 c5 12. axb5 cxd4 13. Ng5 e5 14. Bxf7+ Ke7 15. b6 Qxb6 16. Na4 Qd6 17. Qc4 Bd5 18. Bxd5 Nxd5 19. Ne4 Qe6 20. Ng5 Qd6 21. 0-0 h6 22. Ne4 Qe6 23. Nac5 Nxc5 24. Nxc5 Qc6 25. Rfe1 Kd6 26. b4 g5 27. Qd3 Bg7 28. Qg6+ Bf6 29. Rxe5 Kxe5 30. Re1+ Ne3 31. fxe3 Kd5 32. Qf5+ Kc4 33. Qf1+ Kd5 34. e4+ Kd6 35. Qxf6+ Kc7 36. Qg7+ Kb6 37. Nd7+ Kb5 38. Qe5+ Kc4 39. Nb6+ 1-0

[Event "Malaga-ch"]
[Site "Malaga"]
[Date "2012.02.05"]
[Round "9"]
[White "Gonzalez Capacete, Jose Miguel"]
[Black "Jurado Vazquez, Javier"]
[Result "0-1"]
[WhiteElo "1757"]
[BlackElo "1939"]
[PlyCount "52"]
[EventDate "2012.01.14"]
[EventType "swiss"]
[EventRounds "9"]
[EventCountry "ESP"]
[SourceTitle "CBM 146 Extra"]
[Source "ChessBase"]
[SourceDate "2012.02.29"]
[SourceVersion "1"]
[SourceVersionDate "2012.02.29"]
[SourceQuality "1"]

1. e4 Nf6 2. e5 Nd5 3. g3 d6 4. exd6 exd6 5. Bg2 c6 6. Nf3 Be7 7. 0-0 0-0 8. Nc3 Nc7 9. d3 Bg4 10. h3 Bh5 11. Ne2 Ne6 12. Nf4 Nxf4 13. Bxf4 Nd7 14. g4 Bg6 15. h4 h5 16. g5 Qb6 17. Re1 Rfe8 18. Bh3 Nc5 19. Rxe7 Rxe7 20. Bxd6 Ree8 21. Ne5 Rad8 22. Nc4 Qb4 23. a3 Qb5 24. Bc7 Nxd3 25. Bxd8 Re1+ 26. Qxe1 Nxe1 0-1

[Event "Malaga-ch"]
[Site "Malaga"]
[Date "2012.02.04"]
[Round "8"]
[White "Jurado Vazquez, Javier"]
[Black "Roman Lopez, Jesus A"]
[Result "1/2-1/2"]
[WhiteElo "1939"]
[BlackElo "1968"]
[PlyCount "51"]
[EventDate "2012.01.14"]
[EventType "swiss"]
[EventRounds "9"]
[EventCountry "ESP"]
[SourceTitle "CBM 146 Extra"]
[Source "ChessBase"]
[SourceDate "2012.02.29"]
[SourceVersion "1"]
[SourceVersionDate "2012.02.29"]
[SourceQuality "1"]

1. e4 e5 2. Nf3 Nc6 3. Nc3 Nf6 4. d4 d6 5. Bb5 Bd7 6. Bg5 Be7 7. Qd2 h6 8. Be3 a6 9. Bxc6 Bxc6 10. Qd3 Ng4 11. 0-0-0 Nxe3 12. Qxe3 Bg5 13. Nxg5 Qxg5 14. Qxg5 hxg5 15. dxe5 dxe5 16. f3 Ke7 17. Nd5+ Bxd5 18. Rxd5 Ke6 19. h3 Rad8 20. Rxd8 Rxd8 21. Rd1 Rd6 22. Rxd6+ Kxd6 23. Kd2 b5 24. b4 c5 25. c3 c4 26. Ke3 1/2-1/2

[Event "Malaga-ch"]
[Site "Malaga"]
[Date "2012.01.28"]
[Round "6"]
[White "Jurado Vazquez, Javier"]
[Black "Llamas Perez, Antonio"]
[Result "1-0"]
[WhiteElo "1939"]
[BlackElo "1684"]
[PlyCount "69"]
[EventDate "2012.01.14"]
[EventType "swiss"]
[EventRounds "9"]
[EventCountry "ESP"]
[SourceTitle "CBM 146 Extra"]
[Source "ChessBase"]
[SourceDate "2012.02.29"]
[SourceVersion "1"]
[SourceVersionDate "2012.02.29"]
[SourceQuality "1"]

1. e4 e5 2. Nf3 Nf6 3. Nc3 Bb4 4. a3 Bxc3 5. dxc3 0-0 6. Bc4 d6 7. Qd3 Bg4 8. Bg5 h6 9. Bh4 Nbd7 10. b4 Qe8 11. 0-0 a6 12. Nd2 Kh8 13. f4 exf4 14. Bxf6 Nxf6 15. Rxf4 Qe5 16. Raf1 Rae8 17. Qe3 d5 18. Rxf6 gxf6 19. Qxh6+ Kg8 20. Bxd5 Qg5 21. Qxg5+ fxg5 22. Bxb7 Kg7 23. Bxa6 Ra8 24. b5 Rfd8 25. Nb3 Rd1 26. Rxd1 Bxd1 27. Nd4 Kf6 28. Kf2 Ke5 29. Ke3 f6 30. h3 Bh5 31. c4 Bf7 32. c5 Be8 33. c4 Bd7 34. a4 Ra7 35. a5 1-0

[Event "Malaga-ch"]
[Site "Malaga"]
[Date "2012.01.22"]
[Round "5"]
[White "Ramos Moreno, Francisco Jose"]
[Black "Jurado Vazquez, Javier"]
[Result "1-0"]
[WhiteElo "2111"]
[BlackElo "1939"]
[PlyCount "97"]
[EventDate "2012.01.14"]
[EventType "swiss"]
[EventRounds "9"]
[EventCountry "ESP"]
[SourceTitle "CBM 146 Extra"]
[Source "ChessBase"]
[SourceDate "2012.02.29"]
[SourceVersion "1"]
[SourceVersionDate "2012.02.29"]
[SourceQuality "1"]

1. b4 Nf6 2. Bb2 g6 3. Nf3 Bg7 4. d4 d6 5. Nbd2 c6 6. e3 0-0 7. Bd3 Nbd7 8. 0-0 e5 9. dxe5 Ng4 10. Qc1 Ndxe5 11. Be2 Qe7 12. h3 Nxf3+ 13. Nxf3 Nf6 14. c4 d5 15. c5 Ne4 16. Bxg7 Kxg7 17. Qb2+ Kg8 18. Qe5 Qxe5 19. Nxe5 a5 20. a3 Be6 21. Nf3 Ra7 22. Nd4 axb4 23. axb4 Rfa8 24. Nc2 Ra2 25. Bd3 Kg7 26. Rxa2 Rxa2 27. Ra1 Rxa1+ 28. Nxa1 Kf6 29. Nc2 Ke7 30. Nd4 Kd7 31. f3 Nc3 32. Kf2 Kc7 33. h4 b6 34. cxb6+ Kxb6 35. g4 Na2 36. Nxe6 fxe6 37. Bxg6 hxg6 38. h5 gxh5 39. g5 Nxb4 40. g6 c5 41. g7 c4 42. g8Q Kb5 43. Qe8+ Kc5 44. Qxe6 Na2 45. Qe7+ Kb5 46. Qb7+ Ka4 47. Qxd5 Kb3 48. f4 Nc3 49. Qe6 1-0

[Event "Malaga op 14th"]
[Site "Malaga"]
[Date "2011.04.29"]
[Round "1"]
[White "Jurado Vazquez, Javier"]
[Black "Khamrakulov, Ibragim S"]
[Result "0-1"]
[WhiteElo "1941"]
[BlackElo "2495"]
[PlyCount "168"]
[EventDate "2011.04.29"]
[EventType "swiss"]
[EventRounds "7"]
[EventCountry "ESP"]
[SourceTitle "CBM 142 Extra"]
[Source "ChessBase"]
[SourceDate "2011.06.27"]
[SourceVersion "1"]
[SourceVersionDate "2011.06.27"]
[SourceQuality "1"]

1. c4 c5 2. Nc3 g6 3. Nf3 Bg7 4. e3 Nf6 5. d4 cxd4 6. exd4 d5 7. Qb3 dxc4 8. Bxc4 0-0 9. Ne5 e6 10. Be3 Nc6 11. Nxc6 bxc6 12. 0-0 Nd5 13. Rad1 a5 14. Na4 Qd6 15. Nc5 Bd7 16. Qb7 Rfd8 17. Bg5 f6 18. Bh4 Qb8 19. Bg3 Qxb7 20. Nxb7 Rdc8 21. Nc5 Ra7 22. Rfe1 Kf7 23. Rd3 Bf8 24. Ne4 Kg7 25. h4 h5 26. a3 Re8 27. Rf3 Be7 28. Bd6 a4 29. Bxe7 Rxe7 30. Nc5 Bc8 31. Bxd5 cxd5 32. Rfe3 Kf7 33. f4 Bd7 34. Nd3 Rb7 35. Nb4 Bb5 36. Rc3 Bc4 37. Rc2 Rb6 38. Kf2 Re8 39. Kf3 Rg8 40. Rc3 g5 41. hxg5 fxg5 42. fxg5 Rxg5 43. Rce3 Rg4 44. Rd1 Kf6 45. g3 Bb3 46. Rd2 Rb8 47. Nc6 Rc8 48. Ne5 Rg7 49. g4 hxg4+ 50. Nxg4+ Ke7 51. Ne5 Bc2 52. Kf2 Be4 53. Re1 Rg2+ 54. Ke3 Rxd2 55. Kxd2 Rc2+ 56. Ke3 Rxb2 57. Kf4 Rf2+ 58. Ke3 Ra2 59. Rg1 Kf6 60. Rf1+ Bf5 61. Nd7+ Ke7 62. Nc5 Rxa3+ 63. Kd2 Ra2+ 64. Kc3 Rc2+ 65. Kb4 Rc4+ 66. Ka3 Rxd4 67. Nxa4 Kd6 68. Nc3 Kc5 69. Na4+ Kb5 70. Nc3+ Kc6 71. Nd1 Rd3+ 72. Ka2 Rd2+ 73. Ka3 d4 74. Nb2 Kb5 75. Re1 Rc2 76. Na4 Kc4 77. Re5 Rh2 78. Rc5+ Kd3 79. Kb3 Be4 80. Nb2+ Ke3 81. Nd1+ Kf4 82. Nb2 Bd5+ 83. Ka3 Rh3+ 84. Ka4 Rc3 0-1

[Event "Malaga op 13th"]
[Site "Malaga"]
[Date "2010.02.24"]
[Round "6"]
[White "Anaya Lopez, Victor Jose"]
[Black "Jurado Vazquez, Javier"]
[Result "1-0"]
[WhiteElo "2157"]
[BlackElo "1950"]
[PlyCount "75"]
[EventDate "2010.02.20"]
[EventType "swiss"]
[EventRounds "9"]
[EventCountry "ESP"]
[SourceTitle "CBM 135 Extra"]
[Source "ChessBase"]
[SourceDate "2010.05.04"]
[SourceVersion "1"]
[SourceVersionDate "2010.05.04"]
[SourceQuality "1"]

1. e4 d5 2. exd5 Qxd5 3. Nc3 Qa5 4. Bc4 Nf6 5. d3 c6 6. Bd2 Bf5 7. h3 h5 8. Qe2 e6 9. Nf3 Nbd7 10. 0-0-0 0-0-0 11. Rhe1 Qc7 12. Ng5 Nb6 13. Bb3 Bd6 14. Qf3 Bg6 15. Nce4 Nxe4 16. dxe4 h4 17. Qe3 Be5 18. Nf3 Bf6 19. a4 Kb8 20. Bb4 Rxd1+ 21. Rxd1 Rd8 22. Rxd8+ Bxd8 23. Bc3 Nd7 24. Bxg7 e5 25. Bh6 Qa5 26. Bg5 Bxg5 27. Nxg5 Nc5 28. Bxf7 Bxf7 29. Nxf7 Nxa4 30. b3 Nc3 31. Qd3 Qa1+ 32. Kd2 Nb1+ 33. Ke3 a6 34. Qd6+ Ka8 35. Qxe5 Qa2 36. Kd3 Qa3 37. Qg5 Qb4 38. Qd8+ 1-0

[Event "Malaga op 13th"]
[Site "Malaga"]
[Date "2010.02.21"]
[Round "3"]
[White "Jurado Vazquez, Javier"]
[Black "Cisnero Alvarez, Juan Jose"]
[Result "0-1"]
[WhiteElo "1950"]
[BlackElo "2110"]
[PlyCount "90"]
[EventDate "2010.02.20"]
[EventType "swiss"]
[EventRounds "9"]
[EventCountry "ESP"]
[SourceTitle "CBM 135 Extra"]
[Source "ChessBase"]
[SourceDate "2010.05.04"]
[SourceVersion "1"]
[SourceVersionDate "2010.05.04"]
[SourceQuality "1"]

1. e4 g6 2. d4 Bg7 3. Nc3 d6 4. Nf3 Nf6 5. Bf4 0-0 6. Qd2 c5 7. Bh6 cxd4 8. Nxd4 Nc6 9. Bxg7 Kxg7 10. 0-0-0 Bd7 11. Be2 a6 12. h4 h5 13. f3 Ne5 14. g4 hxg4 15. h5 Rh8 16. f4 Nc6 17. f5 Qb6 18. Nxc6 Qxc6 19. fxg6 fxg6 20. Qg5 Rh6 21. Nd5 Re8 22. Bd3 Nh7 23. Qe3 gxh5 24. Rdf1 Nf6 25. Nxf6 exf6 26. Qf4 Qc5 27. Kb1 Qe5 28. Qd2 Re7 29. Rh4 Qg5 30. Qe1 Re5 31. Qg3 Rh8 32. a3 Rhe8 33. Rfh1 Rh8 34. Rf1 Be8 35. Rfh1 Bg6 36. Rd1 b5 37. a4 Rhe8 38. axb5 axb5 39. Bxb5 Rxb5 40. Rxd6 Re7 41. Rh1 Qe5 42. Qa3 Qxe4 43. Rc1 Reb7 44. Ka1 Rxb2 45. Rd8 Qb4 0-1